| 000 | 00274 a2200121 4500 | ||
|---|---|---|---|
| 999 |
_c321764 _d321764 |
||
| 001 | 86691 | ||
| 003 | NUST | ||
| 005 | 20180123103953.0 | ||
| 008 | 180123b xxu||||| |||| 00| 0 eng d | ||
| 082 | _a395.1 AZE | ||
| 100 |
_aAzeez Abdul _99560 |
||
| 245 |
_aThe Book of Manners _hEnglish |
||
| 260 |
_aKSA _bDarussalam _c2003 |
||
| 300 | _a501p. | ||
| 942 |
_aCAE NUST _cBK _k395.1 AZE _2ddc |
||